000 00981nam a22003610a 4500
001 UByD002190
003 AR-LpoUNG
005 20240215170753.0
008 231118s2023||||ag |||||||||||||||||spa d
020 _a9789876307048
040 _aAR-LpoUNG
_bspa
_cAR-LpoUNG
_eaacr
041 _aspa
044 _aag
082 0 _a982.063 266joh
100 1 _aGaude, Cristian Leonardo
245 1 0 _aJohn William Cooke :
_bdesde el llano
250 _a1ra. ed.
260 _aBuenos Aires :
_bUniversidad Nacional de General Sarmiento,
_c2023.
300 _a245 p.
490 0 _aPolítica, política y sociedad ;
_vno. 51
650 4 _aANALISIS HISTORICO
650 4 _aARGENTINA
650 4 _aBIOGRAFIAS
650 4 _aHISTORIA POLITICA
650 4 _aIDEOLOGIAS POLITICAS
650 4 _aMARXISMO
650 4 _aPARTIDOS POLITICOS
653 _aCOOKE, JOHN WILLIAM
653 _aPERON, JUAN DOMINGO
653 _aPERONISMO
905 _a61356
942 _cLIB
_2ddc
999 _c64705
_d64705